<?xml version="1.0" encoding="UTF-8"?><?xml-stylesheet type="text/xsl" href="static/style.xsl"?><OAI-PMH xmlns="http://www.openarchives.org/OAI/2.0/" xmlns:xsi="http://www.w3.org/2001/XMLSchema-instance" xsi:schemaLocation="http://www.openarchives.org/OAI/2.0/ http://www.openarchives.org/OAI/2.0/OAI-PMH.xsd"><responseDate>2026-04-13T06:55:00Z</responseDate><request verb="GetRecord" identifier="oai:www.recercat.cat:2099.1/18117" metadataPrefix="marc">https://recercat.cat/oai/request</request><GetRecord><record><header><identifier>oai:recercat.cat:2099.1/18117</identifier><datestamp>2025-07-22T16:01:18Z</datestamp><setSpec>com_2072_1033</setSpec><setSpec>col_2072_452951</setSpec></header><metadata><record xmlns="http://www.loc.gov/MARC21/slim" xmlns:dcterms="http://purl.org/dc/terms/" xmlns:xsi="http://www.w3.org/2001/XMLSchema-instance" xmlns:doc="http://www.lyncode.com/xoai" xsi:schemaLocation="http://www.loc.gov/MARC21/slim http://www.loc.gov/standards/marcxml/schema/MARC21slim.xsd">
   <leader>00925njm 22002777a 4500</leader>
   <datafield ind2=" " ind1=" " tag="042">
      <subfield code="a">dc</subfield>
   </datafield>
   <datafield ind2=" " ind1=" " tag="720">
      <subfield code="a">Escrich Villacampa, Eva</subfield>
      <subfield code="e">author</subfield>
   </datafield>
   <datafield ind2=" " ind1=" " tag="260">
      <subfield code="c">2012-06-28</subfield>
   </datafield>
   <datafield ind2=" " ind1=" " tag="520">
      <subfield code="a">Aquest Treball Final de Màster consisteix en un recull de deu activitats per al bloc de&#xd;
mesura de 1er d’ ESO. La idea té el seu origen en el Pràcticum del Màster, ja que la unitat&#xd;
didàctica que vaig impartir en el centre de pràctiques formava part d’aquest bloc.&#xd;
El treball finalment s’ha concretat en un catàleg de deu activitats que fan servir bàsicament&#xd;
dos recursos: el programa Google Earth i l’aprenentatge cooperatiu, tot i que se’n fan&#xd;
servir d’altres. Això és degut a que després d’investigar en les nostres webs de recursos&#xd;
per al professorat, he comprovat com hi havia poques activitats que els fessin servir.&#xd;
Les activitats no han estat portades a la pràctica, tot i que alguna d’elles s’assembla&#xd;
bastant a alguna activitat que vaig portar a l’aula durant el Pràcticum. De totes maneres&#xd;
l’experiència m’ha servit per a dissenyar-les millor.&#xd;
De cadascuna de les activitats en faig una fitxa, que incorpora una descripció, objectius&#xd;
didàctics, continguts d’aprenentatge, situació dins el currículum i relació amb altres&#xd;
assignatures, gestió de l’activitat i principals competències bàsiques treballades, així com&#xd;
la visualització de l’activitat en el cas de les activitats que tenen com a suport eines TIC.&#xd;
Algunes d’aquestes activitats es complementen amb un full de treball per a l’alumne. Tots&#xd;
els fulls de treball s’incorporen en l’annex d’aquest treball, com un dossier per al professor&#xd;
amb les activitats resoltes.</subfield>
   </datafield>
   <datafield tag="653" ind2=" " ind1=" ">
      <subfield code="a">Àrees temàtiques de la UPC::Ensenyament i aprenentatge::Metodologies docents::Aprenentatge cooperatiu</subfield>
   </datafield>
   <datafield tag="653" ind2=" " ind1=" ">
      <subfield code="a">Àrees temàtiques de la UPC::Ensenyament i aprenentatge::Ensenyament secundari::ESO</subfield>
   </datafield>
   <datafield tag="653" ind2=" " ind1=" ">
      <subfield code="a">Group work in education</subfield>
   </datafield>
   <datafield tag="653" ind2=" " ind1=" ">
      <subfield code="a">Mathematics--Study and Teaching (Secondary)</subfield>
   </datafield>
   <datafield tag="653" ind2=" " ind1=" ">
      <subfield code="a">Matemàtiques</subfield>
   </datafield>
   <datafield tag="653" ind2=" " ind1=" ">
      <subfield code="a">Mesura</subfield>
   </datafield>
   <datafield tag="653" ind2=" " ind1=" ">
      <subfield code="a">Activitats</subfield>
   </datafield>
   <datafield tag="653" ind2=" " ind1=" ">
      <subfield code="a">1er ESO</subfield>
   </datafield>
   <datafield tag="653" ind2=" " ind1=" ">
      <subfield code="a">Google Earth</subfield>
   </datafield>
   <datafield tag="653" ind2=" " ind1=" ">
      <subfield code="a">Aprenentatge cooperatiu</subfield>
   </datafield>
   <datafield tag="653" ind2=" " ind1=" ">
      <subfield code="a">Ensenyament -- Treball en equip</subfield>
   </datafield>
   <datafield tag="653" ind2=" " ind1=" ">
      <subfield code="a">Matemàtica -- Educació secundària obligatòria</subfield>
   </datafield>
   <datafield ind2="0" ind1="0" tag="245">
      <subfield code="a">Aprendre a mesurar a 1er ESO</subfield>
   </datafield>
</record></metadata></record></GetRecord></OAI-PMH>